[Event "FRA-chT4 0405"]
[Site "Bretagne"]
[Date "2005.03.13"]
[Round "6"]
[White "Coulont Robert, Marc"]
[Black "Le Nezet, Thierry"]
[Result "0-1"]
[WhiteElo "1730"]
[BlackElo "1900"]
[PlyCount "56"]
[EventDate "2004.04.03"]
[EventType "team-tourn"]
[EventRounds "7"]
[EventCountry "FRA"]
[SourceTitle "EXT 2007"]
[Source "ChessBase"]
[SourceDate "2006.11.23"]
[SourceVersion "1"]
[SourceVersionDate "2006.11.23"]
[SourceQuality "1"]

1. e4 Nf6 2. e5 Nd5 3. d4 d6 4. Nf3 Bg4 5. Be2 e6 6. c4 Nb6 7. Be3 Be7 8. Nc3 Nc6 9. exd6 cxd6 10. d5 Bxf3 11. Bxf3 Ne5 12. dxe6 Nxf3+ 13. Qxf3 0-0 14. exf7+ Rxf7 15. Qg4 Bf6 16. Rc1 Bxc3+ 17. Rxc3 Na4 18. Rb3 Qa5+ 19. Ke2 Re8 20. Rd1 Qe5 21. g3 Nc5 22. Rc3 Ne4 23. Rcd3 Nxf2 24. Qd4 Qh5+ 25. Ke1 Qxh2 26. Qxd6 Nxd3+ 27. Rxd3 Rxe3+ 28. Rxe3 Qf2+ 0-1

[Event "FRA-chT4 0304"]
[Site "Bretagne"]
[Date "2003.10.12"]
[Round "1"]
[White "Coulont Robert, Marc"]
[Black "Schutz, Vincent"]
[Result "1-0"]
[WhiteElo "1710"]
[BlackElo "1710"]
[PlyCount "92"]
[EventDate "2003.10.12"]
[EventType "team-tourn"]
[EventRounds "9"]
[EventCountry "FRA"]
[SourceTitle "EXT 2005"]
[Source "ChessBase"]
[SourceDate "2004.11.15"]
[SourceVersion "1"]
[SourceVersionDate "2004.11.15"]
[SourceQuality "1"]

1. d4 d5 2. c4 c6 3. Nc3 Nf6 4. Nf3 e6 5. e3 Nbd7 6. Qc2 Be7 7. b3 b6 8. Bd3 Bb7 9. 0-0 c5 10. cxd5 exd5 11. Bb2 Rc8 12. Rac1 g6 13. Qb1 cxd4 14. Nxd4 Nc5 15. Bb5+ Kf8 16. Bd3 Nxd3 17. Qxd3 h5 18. Nce2 Rxc1 19. Rxc1 Rh6 20. Nc6 Bxc6 21. Rxc6 Kg7 22. Nf4 Kh7 23. Qd4 g5 24. Qd3+ Kg7 25. Nxd5 Kf8 26. e4 Rg6 27. f3 Qd7 28. Qc4 Bc5+ 29. Rxc5 bxc5 30. Bxf6 Rxf6 31. Nxf6 Qd1+ 32. Kf2 Qd2+ 33. Qe2 Qd4+ 34. Qe3 Qb2+ 35. Kg3 Qxf6 36. Qxc5+ Kg7 37. Qf5 Qxf5 38. exf5 Kf6 39. Kf2 Kxf5 40. Ke3 Ke5 41. a3 f5 42. b4 Kd5 43. Kd3 g4 44. f4 a6 45. a4 h4 46. g3 h3 1-0